The Himalayas In Indian Life (Record no. 1248043)

MARC details
000 -LEADER
fixed length control field 00507nam a2200193Ia 4500
008 - FIXED-LENGTH DATA ELEMENTS--GENERAL INFORMATION
fixed length control field 151121s9999||||xx |||||||||||||| ||und||
082 ## - DEWEY DECIMAL CLASSIFICATION NUMBER
Classification number 910 /Pan
082 ## - DEWEY DECIMAL CLASSIFICATION NUMBER
Item number HNW-66546
100 ## - MAIN ENTRY--PERSONAL NAME
Personal name Panikkar K। M।
245 #4 - TITLE STATEMENT
Title The Himalayas In Indian Life
260 ## - PUBLICATION, DISTRIBUTION, ETC. (IMPRINT)
Name of publisher, distributor, etc "Bharatiya Vidya Bhavan,"
260 ## - PUBLICATION, DISTRIBUTION, ETC. (IMPRINT)
Date of publication, distribution, etc --
300 ## - PHYSICAL DESCRIPTION
Extent 39
600 ## - SUBJECT ADDED ENTRY--PERSONAL NAME
Personal name Panikkar K। M।
630 ## - SUBJECT ADDED ENTRY--UNIFORM TITLE
Uniform title The Himalayas In Indian Life
700 ## - ADDED ENTRY--PERSONAL NAME
Personal name Panikkar K। M।
730 ## - ADDED ENTRY--UNIFORM TITLE
Uniform title The Himalayas In Indian Life
942 ## - ADDED ENTRY ELEMENTS (KOHA)
Koha item type Book
Holdings
Withdrawn status Lost status Damaged status Not for loan Home library Current library Date acquired Cost, normal purchase price Total Checkouts Full call number Barcode Date last seen Cost, replacement price Price effective from Koha item type
        Hirachand Nemchand Wachanalaya, Solapur Hirachand Nemchand Wachanalaya, Solapur 11/21/2015 1.00   HNW-66546 HNW-66546 11/21/2015 1.00 11/21/2015 Book